[Event "WCCC U12 2019"]
[Site "Weifang"]
[Date "2019.08.29"]
[Round "8.10"]
[White "Dev, Shah"]
[Black "Jin Yueheng"]
[Result "1/2-1/2"]
[WhiteElo "2161"]
[BlackElo "1832"]
[Annotator "ChessBase"]
[PlyCount "210"]
[EventDate "2019.08.21"]
[EventType "swiss"]
[EventCountry "CHN"]
[SourceTitle "playchess.com"]
[Source "ChessBase"]
[SourceQuality "1"]
[TimeControl "40/5400+30:1800+30"]

1. d4 {[%emt 0:00:31]} d5 {[%emt 0:00:00]} 2. c4 {[%emt 0:00:29]} e6 {[%emt 0:00:27]} 3. Nc3 {[%emt 0:00:30]} Nf6 {[%emt 0:00:33]} 4. cxd5 {[%emt 0:00:29]} exd5 {[%emt 0:00:09]} 5. Bg5 {[%emt 0:00:31]} Be7 {[%emt 0:00:26]} 6. e3 {[%emt 0:00:30]} c6 {[%emt 0:00:30]} 7. Bd3 {[%emt 0:00:30]} O-O {[%emt 0:00:12]} 8. Qc2 {[%emt 0:00:30]} Nbd7 {[%emt 0:00:32]} 9. Nge2 {[%emt 0:00:30]} Re8 {[%emt 0:00:12]} 10. f3 {[%emt 0:00:30]} Nf8 {[%emt 0:03:47]} 11. O-O {[%emt 0:00:25]} g6 {[%emt 0:04:22]} 12. Rad1 {[%emt 0:00:51]} Ne6 {[%emt 0:00:05]} 13. Bh4 {[%emt 0:00:23]} Ng7 {[%emt 0:01:24]} 14. Bf2 {[%emt 0:01:44]} Be6 {[%emt 0:05:15]} 15. Kh1 {[%emt 0:07:11]} Rc8 {[%emt 0:03:04]} 16. e4 {[%emt 0:02:25]} Qa5 {[%emt 0:03:09]} 17. a3 {[%emt 0:03:21]} Nd7 {[%emt 0:09:50]} 18. b4 {[%emt 0:02:34]} Qc7 {[%emt 0:02:32]} 19. Rb1 {[%emt 0:06:11]} Nb6 {[%emt 0:02:07]} 20. a4 {[%emt 0:04:05]} dxe4 {[%emt 0:09:40]} 21. fxe4 {[%emt 0:02:10]} f5 {[%emt 0:00:05]} 22. Bg3 {[%emt 0:04:34]} Qd7 {[%emt 0:02:08]} 23. d5 {[%emt 0:06:05]} fxe4 {[%emt 0:00:42]} 24. Nxe4 {[%emt 0:15:29]} Nxd5 {[%emt 0:05:46]} 25. Qd2 {[%emt 0:03:32]} Bf5 {[%emt 0:06:03]} 26. b5 {[%emt 0:06:05]} Bf8 {[%emt 0:10:20]} 27. Ng5 {[%emt 0:05:43]} Ne3 {[%emt 0:05:18]} 28. Rb3 {[%emt 0:14:40]} h6 {[%emt 0:10:49]} 29. Rf3 {[%emt 0:03:04]} Qd5 {[%emt 0:08:45]} 30. Nc1 {[%emt 0:05:44]} Bc5 {[%emt 0:03:28]} 31. Bf4 {[%emt 0:00:58]} hxg5 {[%emt 0:00:11]} 32. Bxe3 {[%emt 0:00:08]} Bxe3 {[%emt 0:01:08]} 33. Rxe3 {[%emt 0:00:14]} Rxe3 {[%emt 0:00:04]} 34. Qxe3 {[%emt 0:00:17]} Re8 {[%emt 0:00:05]} 35. Qg1 {[%emt 0:02:56]} Bh3 {[%emt 0:03:09]} 36. Bf1 {[%emt 0:00:33]} Re1 {[%emt 0:00:43]} 37. Rxh3 {[%emt 0:01:23]} g4 {[%emt 0:00:47]} 38. Rd3 {[%emt 0:00:40]} Qf5 {[%emt 0:00:41]} 39. Rf3 {[%emt 0:00:17]} gxf3 {[%emt 0:00:09]} 40. Bc4+ {[%emt 0:00:00]} Re6 {[%emt 0:00:00]} 41. Nd3 {[%emt 0:08:07]} cxb5 {[%emt 0:03:28]} 42. axb5 {[%emt 0:00:15]} Qe4 {[%emt 0:00:51]} 43. Bxe6+ {[%emt 0:09:01]} Nxe6 {[%emt 0:00:26]} 44. Nf2 {[%emt 0:02:01]} fxg2+ {[%emt 0:00:08]} 45. Qxg2 {[%emt 0:00:00]} Qe1+ {[%emt 0:01:02]} 46. Qg1 {[%emt 0:00:14]} Qxg1+ {[%emt 0:03:04]} 47. Kxg1 {[%emt 0:00:01]} Nd4 {[%emt 0:00:30]} 48. b6 {[%emt 0:00:06]} a5 {[%emt 0:05:34]} 49. Nd3 {[%emt 0:03:45]} a4 {[%emt 0:00:12]} 50. Kf2 {[%emt 0:00:11]} Nb3 {[%emt 0:14:02]} 51. Ke3 {[%emt 0:02:19]} Kf7 {[%emt 0:01:47]} 52. Nb4 {[%emt 0:01:40]} Ke6 {[%emt 0:01:12]} 53. Kd3 {[%emt 0:01:19]} Na5 {[%emt 0:03:13]} 54. Kc3 {[%emt 0:01:36]} Kd6 {[%emt 0:02:18]} 55. Nd3 {[%emt 0:00:31]} Nc6 {[%emt 0:00:14]} 56. Nb2 {[%emt 0:00:56]} a3 {[%emt 0:00:34]} 57. Nc4+ {[%emt 0:00:12]} Kc5 {[%emt 0:00:03]} 58. Nxa3 {[%emt 0:00:10]} Kxb6 {[%emt 0:00:05]} 59. Kc4 {[%emt 0:03:27]} Kc7 {[%emt 0:01:09]} 60. Kd5 {[%emt 0:01:53]} Kd7 {[%emt 0:00:05]} 61. Nb5 {[%emt 0:01:37]} Nd8 {[%emt 0:00:57]} 62. Nd6 {[%emt 0:00:29]} Ke7 {[%emt 0:00:52]} 63. Ne4 {[%emt 0:01:20]} Ne6 {[%emt 0:00:30]} 64. Nc3 {[%emt 0:01:18]} Nf8 {[%emt 0:00:08]} 65. Ke5 {[%emt 0:00:18]} Nd7+ {[%emt 0:00:04]} 66. Kf4 {[%emt 0:00:13]} Kf6 {[%emt 0:00:21]} 67. h4 {[%emt 0:01:07]} Kg7 {[%emt 0:01:28]} 68. Kg5 {[%emt 0:00:21]} Nc5 {[%emt 0:00:10]} 69. Nb5 {[%emt 0:00:48]} Ne6+ {[%emt 0:00:05]} 70. Kg4 {[%emt 0:00:05]} Kh6 {[%emt 0:00:04]} 71. Nd6 {[%emt 0:00:52]} b6 {[%emt 0:00:03]} 72. Nb5 {[%emt 0:00:11]} Nc5 {[%emt 0:00:09]} 73. Nd6 {[%emt 0:00:24]} Nd7 {[%emt 0:00:15]} 74. Nf7+ {[%emt 0:00:38]} Kg7 {[%emt 0:00:09]} 75. Nd6 {[%emt 0:00:17]} Ne5+ {[%emt 0:02:51]} 76. Kf4 {[%emt 0:00:48]} Nf7 {[%emt 0:00:05]} 77. Nb5 {[%emt 0:00:14]} Kh6 {[%emt 0:00:31]} 78. Kg4 {[%emt 0:00:13]} Ne5+ {[%emt 0:00:06]} 79. Kf4 {[%emt 0:00:05]} Nd7 {[%emt 0:00:04]} 80. Nd4 {[%emt 0:01:02]} Kh5 {[%emt 0:00:13]} 81. Kg3 {[%emt 0:00:03]} Nc5 {[%emt 0:00:28]} 82. Ne2 {[%emt 0:00:47]} Ne6 {[%emt 0:00:21]} 83. Nc3 {[%emt 0:00:38]} Nd4 {[%emt 0:00:37]} 84. Nd5 {[%emt 0:00:26]} b5 {[%emt 0:00:04]} 85. Nf4+ {[%emt 0:00:06]} Kh6 {[%emt 0:00:03]} 86. Kf2 {[%emt 0:00:13]} Nf5 {[%emt 0:00:05]} 87. Ng2 {[%emt 0:00:41]} Kg7 {[%emt 0:00:49]} 88. Ke2 {[%emt 0:00:36]} Kf6 {[%emt 0:00:21]} 89. Kd3 {[%emt 0:00:22]} Ke5 {[%emt 0:00:03]} 90. Kc3 {[%emt 0:00:21]} Kd6 {[%emt 0:00:25]} 91. Kb4 {[%emt 0:00:44]} Kc6 {[%emt 0:00:17]} 92. Kc3 {[%emt 0:01:36]} Kc5 {[%emt 0:00:06]} 93. Kb3 {[%emt 0:00:08]} Nd4+ {[%emt 0:00:34]} 94. Kb2 {[%emt 0:00:27]} Nf5 {[%emt 0:00:45]} 95. Kb3 {[%emt 0:00:06]} Kb6 {[%emt 0:00:03]} 96. Kb4 {[%emt 0:00:17]} Ka6 {[%emt 0:00:03]} 97. Nf4 {[%emt 0:00:43]} Nxh4 {[%emt 0:00:05]} 98. Ne6 {[%emt 0:00:05]} Kb6 {[%emt 0:02:52]} 99. Nd4 {[%emt 0:00:18]} g5 {[%emt 0:00:22]} 100. Nxb5 {[%emt 0:00:07]} g4 {[%emt 0:01:36]} 101. Nd4 {[%emt 0:00:11]} g3 {[%emt 0:00:19]} 102. Ne2 {[%emt 0:00:11]} g2 {[%emt 0:00:04]} 103. Kc4 {[%emt 0:00:08]} Nf3 {[%emt 0:00:14]} 104. Kd3 {[%emt 0:00:45]} Kc5 {[%emt 0:00:09]} 105. Ke3 {[%emt 0:00:00]} Nd4 {[%emt 0:00:04]} 1/2-1/2

[Event "WCCC U12 2019"]
[Site "Weifang"]
[Date "2019.08.30"]
[Round "9.1"]
[White "Volkov, Maksim"]
[Black "Zhou, Liran"]
[Result "1/2-1/2"]
[WhiteElo "1969"]
[BlackElo "2311"]
[Annotator "TA"]
[PlyCount "105"]
[EventDate "2019.08.21"]
[EventType "swiss"]
[EventCountry "CHN"]
[SourceTitle "playchess.com"]
[Source "ChessBase"]
[SourceQuality "1"]

{[%evp 22,105,17,16,14,21,26,19,40,6,36,0,10,0,9,9,10,10,15,-6,-6,-15,-10,-16,-16,-16,-16,-16,-18,-46,0,0,58,56,81,79,75,54,46,48,39,48,50,45,166,166,176,161,187,152,146,132,243,218,239,189,189,172,180,128,195,182,198,168,248,251,289,280,262,181,175,168,138,4,4,4,4,0,0,0,0,0,0,0,211,211]} 1. Nf3 Nf6 2. c4 g6 3. g3 Bg7 4. Bg2 O-O 5. O-O d6 6. d4 Nc6 7. Nc3 a6 8. e4 Bg4 9. h3 Bxf3 10. Bxf3 e5 11. d5 Nd4 12. Bg2 c5 {E63: King's Indian: Fianchetto: Panno Variation with 7...a6} 13. dxc6 bxc6 14. Be3 Nd7 {The position is equal.} 15. Ne2 {[%cal Re2d4]} (15. b4 Qe7 16. Qd3 Rfb8 17. Rab1 Qe6 18. Rfc1 Rb7 19. Ne2 Rab8 20. a3 a5 21. Bd2 Nc5 {1-0 (59) Grachev,B (2675)-Can,E (2524) Yerevan 2014}) 15... Qb6 16. Qd2 Rfb8 17. Rab1 $146 (17. Rfd1 {seems wilder.} c5 18. b3 a5 19. Nc3 Qb4 20. Kh2) ({Predecessor:} 17. b3 a5 18. Nc3 Qb4 19. Kh2 Nc5 20. Rfb1 Qa3 21. Rd1 a4 {0-1 (65) Davis,L (2030)-Rawlinson,A (2199) England 2017}) 17... Qb4 {And now ...Qxd2 would win.} 18. Rfd1 {[%cal Re2d4]} Qxd2 ({Of course not} 18... Qxc4 $6 19. Nxd4 exd4 20. Bxd4 $16) 19. Rxd2 {[%cal Re2d4]} c5 20. b3 a5 21. Nc3 a4 22. Nb5 axb3 23. axb3 Bf8 24. Bxd4 cxd4 25. b4 Rc8 26. Bf1 f5 ({Black should play} 26... Be7 $11) 27. exf5 $14 gxf5 28. Bg2 Rab8 29. Bd5+ Kg7 30. Na7 Rc7 $1 {[%cal Rc7a7]} 31. Nc6 Rb6 32. b5 $36 {[%mdl 2048] White is pushing.} Nc5 (32... Nf6 $14) 33. Ra2 $18 d3 34. Ra8 Be7 35. Rg8+ Kh6 36. g4 {aiming for f4.} fxg4 (36... Bf6 $16 {was worth a try.}) 37. hxg4 {Threatening mate with Kg2.} ({Weaker is} 37. Rxg4 Bf6 $14) 37... Bg5 38. Kg2 {Rh1+ would kill now.} Rg7 39. Rh1+ Kg6 {intending ...Rxg8.} 40. Rf8 (40. Rc8 $18) 40... d2 (40... h6 $16 41. Rc8 Kf6) 41. Kf3 h6 42. Ke2 Rc7 (42... Bf4 $142 43. Rd8 Kh7 44. Rxd6 Rxg4) 43. Ra1 Nd7 44. Rf7 Rbb7 45. Ra8 {[%cal Ra8g8]} Nf6 46. Rxc7 Rxc7 {[#]} 47. b6 (47. Ra1 $1 $16) 47... Nxd5 $11 48. cxd5 {KRB-KRN} Rb7 49. Rb8 Rf7 {[#] White must now prevent ...Rxf2+!} 50. f4 $1 {[%mdl 512]} exf4 {( -> ...f3+)} 51. Kxd2 f3+ 52. Ke1 Bh4+ $2 (52... Bd2+ $1 $11 {and Black has nothing to worry.} 53. Kf1 (53. Kxd2 $2 f2 $19) 53... Kg5) 53. Kf1 {Accuracy: White = 53%, Black = 49%.} 1/2-1/2

[Event "WCCC U12 2019"]
[Site "Weifang"]
[Date "2019.08.30"]
[Round "9.2"]
[White "Chen, Jonathan"]
[Black "Ochirbat, Lkhagvajamts"]
[Result "0-1"]
[WhiteElo "1948"]
[BlackElo "2137"]
[Annotator "ChessBase"]
[PlyCount "184"]
[EventDate "2019.08.21"]
[EventType "swiss"]
[EventCountry "CHN"]
[SourceTitle "playchess.com"]
[Source "ChessBase"]
[SourceQuality "1"]
[TimeControl "40/5400+30:1800+30"]

1. d4 {[%emt 0:00:00]} d5 {[%emt 0:00:00]} 2. c4 {[%emt 0:00:00]} e6 {[%emt 0:00:00]} 3. Nc3 {[%emt 0:00:00]} a6 {[%emt 0:00:00]} 4. cxd5 {[%emt 0:03:52]} exd5 {[%emt 0:00:40]} 5. Bf4 {[%emt 0:01:02]} Nf6 {[%emt 0:00:49]} 6. e3 {[%emt 0:01:02]} c6 {[%emt 0:00:25]} 7. Bd3 {[%emt 0:00:48]} Be6 {[%emt 0:00:25]} 8. Nge2 {[%emt 0:01:16]} Nbd7 {[%emt 0:01:45]} 9. Qc2 {[%emt 0:01:15]} Be7 {[%emt 0:01:34]} 10. O-O {[%emt 0:00:38]} O-O {[%emt 0:00:15]} 11. f3 {[%emt 0:03:52]} h6 {[%emt 0:09:44]} 12. Bg3 {[%emt 0:03:29]} Nh5 {[%emt 0:03:43]} 13. Bf2 {[%emt 0:01:32]} f5 {[%emt 0:02:49]} 14. Ng3 {[%emt 0:07:34]} Nxg3 {[%emt 0:00:51]} 15. Bxg3 {[%emt 0:00:43]} Rf7 {[%emt 0:07:02]} 16. Rad1 {[%emt 0:07:02]} Bg5 {[%emt 0:03:44]} 17. Qe2 {[%emt 0:04:13]} Qb6 {[%emt 0:01:35]} 18. Bf2 {[%emt 0:07:12]} Re8 {[%emt 0:02:31]} 19. Na4 {[%emt 0:14:51]} Qb4 {[%emt 0:01:37]} 20. b3 {[%emt 0:00:46]} Qf8 {[%emt 0:04:30]} 21. Rfe1 {[%emt 0:03:53]} Bd8 {[%emt 0:12:47]} 22. Rb1 {[%emt 0:01:43]} Ba5 {[%emt 0:00:48]} 23. Rec1 {[%emt 0:00:27]} Bb4 {[%emt 0:00:21]} 24. Qc2 {[%emt 0:03:19]} Qe7 {[%emt 0:03:54]} 25. Nb2 {[%emt 0:05:45]} Rff8 {[%emt 0:01:39]} 26. Bf1 {[%emt 0:00:35]} Ba3 {[%emt 0:06:48]} 27. Rd1 {[%emt 0:01:29]} Rc8 {[%emt 0:00:39]} 28. Nd3 {[%emt 0:02:09]} c5 {[%emt 0:02:47]} 29. dxc5 {[%emt 0:01:56]} Nxc5 {[%emt 0:01:50]} 30. Qd2 {[%emt 0:00:30]} Nxd3 {[%emt 0:00:06]} 31. Bxd3 {[%emt 0:00:07]} Bb4 {[%emt 0:00:54]} 32. Qe2 {[%emt 0:00:36]} Rc6 {[%emt 0:01:18]} 33. Be1 {[%emt 0:02:48]} Rfc8 {[%emt 0:04:39]} 34. Bxb4 {[%emt 0:01:23]} Qxb4 {[%emt 0:00:03]} 35. Qd2 {[%emt 0:01:32]} Qe7 {[%emt 0:08:37]} 36. Rdc1 {[%emt 0:03:01]} Qc7 {[%emt 0:02:18]} 37. Rxc6 {[%emt 0:00:34]} Qxc6 {[%emt 0:00:05]} 38. Rb2 {[%emt 0:01:16]} Qc1+ {[%emt 0:00:07]} 39. Qxc1 {[%emt 0:00:45]} Rxc1+ {[%emt 0:00:02]} 40. Kf2 {[%emt 0:00:01]} Rd1 {[%emt 0:01:12]} 41. Be2 {[%emt 0:36:22]} Rc1 {[%emt 0:30:47]} 42. Rd2 {[%emt 0:00:11]} Kf7 {[%emt 0:00:46]} 43. Bd1 {[%emt 0:00:56]} Ke7 {[%emt 0:04:36]} 44. Ke2 {[%emt 0:00:47]} Kd6 {[%emt 0:00:00]} 45. b4 {[%emt 0:04:12]} b6 {[%emt 0:01:59]} 46. Bb3 {[%emt 0:00:30]} Ke5 {[%emt 0:01:43]} 47. h3 {[%emt 0:03:58]} g5 {[%emt 0:01:31]} 48. Kf2 {[%emt 0:00:00]} f4 {[%emt 0:00:00]} 49. exf4+ {[%emt 0:00:00]} gxf4 {[%emt 0:00:00]} 50. g3 {[%emt 0:00:00]} fxg3+ {[%emt 0:00:00]} 51. Kxg3 {[%emt 0:00:00]} Rg1+ {[%emt 0:00:00]} 52. Kf2 {[%emt 0:00:00]} Rg7 {[%emt 0:00:00]} 53. Re2+ {[%emt 0:00:00]} Kd6 {[%emt 0:00:00]} 54. Rd2 {[%emt 0:00:00]} Ke5 {[%emt 0:00:00]} 55. Re2+ {[%emt 0:00:00]} Kd6 {[%emt 0:00:00]} 56. Rd2 {[%emt 0:00:00]} a5 {[%emt 0:00:00]} 57. bxa5 {[%emt 0:00:00]} bxa5 {[%emt 0:00:00]} 58. Rd4 {[%emt 0:00:00]} Kc5 {[%emt 0:00:00]} 59. Ra4 {[%emt 0:00:00]} Kb5 {[%emt 0:00:00]} 60. Rd4 {[%emt 0:00:00]} Kc5 {[%emt 0:00:00]} 61. Ra4 {[%emt 0:00:00]} Kb5 {[%emt 0:00:00]} 62. Rd4 {[%emt 0:00:00]} Kc5 {[%emt 0:00:00]} 63. Ra4 {[%emt 0:00:00]} Ra7 {[%emt 0:00:00]} 64. Rh4 {[%emt 0:00:00]} Bd7 {[%emt 0:00:00]} 65. Rxh6 {[%emt 0:00:00]} a4 {[%emt 0:00:00]} 66. Bc2 {[%emt 0:00:00]} Rb7 {[%emt 0:00:00]} 67. Rh7 {[%emt 0:00:00]} Rb2 {[%emt 0:00:00]} 68. Rxd7 {[%emt 0:00:00]} Rxc2+ {[%emt 0:00:00]} 69. Ke3 {[%emt 0:00:00]} Rxa2 {[%emt 0:00:00]} 70. Ra7 {[%emt 0:00:00]} a3 {[%emt 0:00:00]} 71. Rc7+ {[%emt 0:00:18]} Kb5 {[%emt 0:00:00]} 72. Ra7 {[%emt 0:00:48]} Ra1 {[%emt 0:00:00]} 73. Kd2 {[%emt 0:01:18]} Kc4 {[%emt 0:00:14]} 74. Kc2 {[%emt 0:00:32]} Kd4 {[%emt 0:04:06]} 75. h4 {[%emt 0:01:22]} Ke3 {[%emt 0:00:11]} 76. h5 {[%emt 0:00:44]} d4 {[%emt 0:02:39]} 77. Re7+ {[%emt 0:00:19]} Kf2 {[%emt 0:01:02]} 78. Ra7 {[%emt 0:01:30]} a2 {[%emt 0:01:18]} 79. Kb2 {[%emt 0:03:19]} Rh1 {[%emt 0:00:27]} 80. Rxa2 {[%emt 0:01:12]} d3 {[%emt 0:01:40]} 81. h6 {[%emt 0:05:42]} Rxh6 {[%emt 0:01:04]} 82. Ra8 {[%emt 0:01:16]} Re6 {[%emt 0:01:08]} 83. Rd8 {[%emt 0:00:42]} Ke2 {[%emt 0:00:16]} 84. Kc3 {[%emt 0:00:08]} Rc6+ {[%emt 0:00:40]} 85. Kb2 {[%emt 0:00:09]} d2 {[%emt 0:00:10]} 86. Re8+ {[%emt 0:00:36]} Kxf3 {[%emt 0:00:45]} 87. Rf8+ {[%emt 0:00:00]} Ke2 {[%emt 0:00:10]} 88. Re8+ {[%emt 0:00:00]} Kd1 {[%emt 0:00:11]} 89. Rd8 {[%emt 0:01:07]} Rb6+ {[%emt 0:00:20]} 90. Kc3 {[%emt 0:00:05]} Kc1 {[%emt 0:00:09]} 91. Ra8 {[%emt 0:01:55]} d1=Q {[%emt 0:00:30]} 92. Ra1+ {[%emt 0:00:04]} Rb1 {[%emt 0:00:14]} 0-1

[Event "WCCC U12 2019"]
[Site "Weifang"]
[Date "2019.08.30"]
[Round "9.3"]
[White "Wang, Alex Yuxuan"]
[Black "Chen, Yuan"]
[Result "0-1"]
[WhiteElo "1713"]
[BlackElo "1884"]
[Annotator "NA"]
[PlyCount "70"]
[EventDate "2019.08.21"]
[EventType "swiss"]
[EventCountry "CHN"]
[SourceTitle "playchess.com"]
[Source "ChessBase"]
[SourceQuality "1"]
[TimeControl "40/5400+30:1800+30"]

1. Nf3 {[%emt 0:00:00]} Nf6 {[%emt 0:00:05]} 2. g3 {[%emt 0:00:30]} d5 {[%emt 0:00:43]} 3. Bg2 {[%emt 0:00:50]} c5 {[%emt 0:01:04]} 4. O-O {[%emt 0:00:32]} Nc6 {[%emt 0:00:09]} 5. d4 {[%emt 0:00:07]} e6 {[%emt 0:03:24]} 6. c4 {[%emt 0:05:53]} dxc4 {[%emt 0:06:44]} 7. Qa4 {[%emt 0:00:40]} cxd4 {[%emt 0:31:25]} 8. Nxd4 {[%emt 0:00:50]} Qxd4 {[%emt 0:01:02]} 9. Bxc6+ {[%emt 0:00:17]} Bd7 {[%emt 0:00:03]} 10. Rd1 {[%emt 0:00:58]} Bxc6 {[%emt 0:00:53]} 11. Qxc6+ {[%emt 0:00:11]} bxc6 {[%emt 0:00:15]} 12. Rxd4 {[%emt 0:00:07]} Nd7 {[%emt 0:15:32]} 13. Rxc4 {[%emt 0:01:35]} c5 {[%emt 0:00:36]} 14. Be3 {[%emt 0:02:07]} Be7 {[%emt 0:09:54]} 15. Nd2 {[%emt 0:01:12]} O-O {[%emt 0:00:30]} 16. Rac1 {[%emt 0:00:34]} Rab8 {[%emt 0:02:30]} 17. b3 {[%emt 0:01:03]} f5 {[%emt 0:03:40]} 18. f4 {[%emt 0:10:52]} Rb7 {[%emt 0:02:13]} 19. Nf3 {[%emt 0:01:06]} Rd8 {[%emt 0:09:08]} 20. Bf2 {[%emt 0:02:00]} Rb5 {[%emt 0:04:24]} 21. R4c2 {[%emt 0:10:54]} Rc8 {[%emt 0:01:22]} 22. Ne5 {[%emt 0:04:59]} Nxe5 {[%emt 0:02:28]} 23. fxe5 {[%emt 0:00:09]} Kf7 {[%emt 0:00:26]} 24. Rc4 {[%emt 0:01:20]} a5 {[%emt 0:00:53]} 25. R1c3 {[%emt 0:02:13]} g5 {[%emt 0:02:27]} 26. a4 {[%emt 0:27:34]} Rb4 {[%emt 0:00:03]} 27. Rxb4 {[%emt 0:10:20]} axb4 {[%emt 0:00:04]} 28. Rc4 {[%emt 0:00:04]} Ke8 {[%emt 0:00:17]} 29. Kg2 {[%emt 0:02:13]} Kd7 {[%emt 0:00:21]} 30. Kf3 {[%emt 0:00:42]} Kc6 {[%emt 0:01:16]} 31. e4 {[%emt 0:03:12]} Rd8 {[%emt 0:00:12]} 32. Ke2 {[%emt 0:02:04]} fxe4 {[%emt 0:00:46]} 33. Rxe4 {[%emt 0:00:32]} Kd5 {[%emt 0:00:04]} 34. Rc4 {[%emt 0:00:46]} Rc8 {[%emt 0:00:23]} 35. h4 {[%emt 0:06:00]} h6 {[%emt 0:01:07]} 0-1

[Event "WCCC U12 2019"]
[Site "Weifang"]
[Date "2019.08.30"]
[Round "9.4"]
[White "Ji, Jiadong"]
[Black "Navumenka, Mikhei"]
[Result "1-0"]
[WhiteElo "1703"]
[BlackElo "2148"]
[Annotator "ChessBase"]
[PlyCount "67"]
[EventDate "2019.08.21"]
[EventType "swiss"]
[EventCountry "CHN"]
[SourceTitle "playchess.com"]
[Source "ChessBase"]
[SourceQuality "1"]
[TimeControl "40/5400+30:1800+30"]

1. e4 {[%emt 0:00:00]} e6 {[%emt 0:00:00]} 2. d4 {[%emt 0:00:00]} d5 {[%emt 0:00:00]} 3. Nc3 {[%emt 0:00:00]} Nf6 {[%emt 0:00:00]} 4. Bg5 {[%emt 0:00:00]} Be7 {[%emt 0:00:00]} 5. e5 {[%emt 0:00:00]} Ne4 {[%emt 0:00:00]} 6. Nxe4 {[%emt 0:08:14]} dxe4 {[%emt 0:00:50]} 7. Bxe7 {[%emt 0:00:55]} Qxe7 {[%emt 0:00:02]} 8. c3 {[%emt 0:00:10]} O-O {[%emt 0:01:19]} 9. Qc2 {[%emt 0:06:25]} f5 {[%emt 0:01:35]} 10. exf6 {[%emt 0:00:45]} Qxf6 {[%emt 0:00:03]} 11. O-O-O {[%emt 0:01:04]} Bd7 {[%emt 0:37:56]} 12. Qxe4 {[%emt 0:09:34]} Bc6 {[%emt 0:00:27]} 13. Qe3 {[%emt 0:00:07]} Nd7 {[%emt 0:10:58]} 14. f3 {[%emt 0:03:59]} b5 {[%emt 0:02:27]} 15. Nh3 {[%emt 0:03:54]} Rab8 {[%emt 0:06:12]} 16. Bd3 {[%emt 0:03:58]} Bd5 {[%emt 0:02:51]} 17. Ng5 {[%emt 0:03:30]} h6 {[%emt 0:01:18]} 18. Ne4 {[%emt 0:05:32]} Qf7 {[%emt 0:00:33]} 19. Nd2 {[%emt 0:09:39]} Rfc8 {[%emt 0:08:04]} 20. Be4 {[%emt 0:18:38]} c5 {[%emt 0:03:31]} 21. Kb1 {[%emt 0:04:38]} a5 {[%emt 0:07:41]} 22. Rhe1 {[%emt 0:01:16]} a4 {[%emt 0:01:51]} 23. Bxd5 {[%emt 0:02:53]} exd5 {[%emt 0:00:30]} 24. Qe6 {[%emt 0:00:01]} b4 {[%emt 0:00:41]} 25. Qxf7+ {[%emt 0:00:16]} Kxf7 {[%emt 0:00:01]} 26. c4 {[%emt 0:00:09]} cxd4 {[%emt 0:05:19]} 27. cxd5 {[%emt 0:00:02]} Rb5 {[%emt 0:00:36]} 28. d6 {[%emt 0:06:29]} Rd5 {[%emt 0:00:54]} 29. Re7+ {[%emt 0:00:07]} Kf8 {[%emt 0:00:30]} 30. Rxd7 {[%emt 0:00:07]} d3 {[%emt 0:00:45]} 31. Rb7 {[%emt 0:00:30]} Rxd6 {[%emt 0:00:40]} 32. Rxb4 {[%emt 0:00:04]} Re8 {[%emt 0:00:00]} 33. Ne4 {[%emt 0:00:10]} Rg6 {[%emt 0:00:02]} 34. g4 {[%emt 0:00:15]} 1-0

[Event "WCCC U12 2019"]
[Site "Weifang"]
[Date "2019.08.30"]
[Round "9.5"]
[White "Park, Evan"]
[Black "Dang, Anh Minh"]
[Result "1/2-1/2"]
[WhiteElo "2078"]
[BlackElo "1891"]
[Annotator "NA"]
[PlyCount "101"]
[EventDate "2019.08.21"]
[EventType "swiss"]
[EventCountry "CHN"]
[SourceTitle "playchess.com"]
[Source "ChessBase"]
[SourceQuality "1"]
[TimeControl "40/5400+30:1800+30"]

1. e4 {[%emt 0:00:24]} c5 {[%emt 0:00:00]} 2. Nf3 {[%emt 0:00:07]} Nc6 {[%emt 0:00:00]} 3. d4 {[%emt 0:00:21]} cxd4 {[%emt 0:00:00]} 4. Nxd4 {[%emt 0:00:20]} Qb6 {[%emt 0:00:19]} 5. Nb3 {[%emt 0:00:11]} Nf6 {[%emt 0:00:20]} 6. Nc3 {[%emt 0:00:05]} e6 {[%emt 0:00:59]} 7. Qe2 {[%emt 0:01:54]} Bb4 {[%emt 0:00:53]} 8. Bd2 {[%emt 0:00:09]} O-O {[%emt 0:00:56]} 9. a3 {[%emt 0:00:06] B33: Sicilian: Pelikan and Sveshnikov Variations} Be7 {[%emt 0:00:28]} 10. e5 {[%emt 0:00:54]} Ne8 {[%emt 0:06:58]} 11. O-O-O {[%emt 0:00:33]} Qc7 {[%emt 0:04:45]} 12. f4 {[%emt 0:08:07]} a6 {[%emt 0:03:06]} 13. h4 $146 {[%emt 0:07:22]} ({Predecessor:} 13. g3 b5 14. Bg2 Rb8 15. Ne4 a5 16. Be3 a4 {0-1 (115) Ivanchuk,V (2764)-Polgar,J (2686) Mexico City 2010}) 13... d6 {[%emt 0:10:05]} 14. exd6 {[%emt 0:03:16]} Nxd6 {[%emt 0:00:33]} 15. Ne4 {[%emt 0:03:21]} b5 {[%emt 0:06:34]} 16. Ng5 {[%emt 0:05:10]} Bf6 {[%emt 0:14:08]} 17. Qd3 {[%emt 0:04:32]} g6 {[%emt 0:04:45]} 18. Bc3 {[%emt 0:04:34]} Nc4 {[%emt 0:06:08]} 19. Bxf6 {[%emt 0:18:02]} Qxf4+ {[%emt 0:00:15]} 20. Nd2 {[%emt 0:00:47]} Nxd2 {[%emt 0:00:56]} 21. Qxd2 {[%emt 0:01:55]} Qxf6 {[%emt 0:00:11]} 22. h5 {[%emt 0:01:55]} Ra7 {[%emt 0:13:18]} 23. Bd3 {[%emt 0:08:00]} Ne5 {[%emt 0:04:23]} 24. Rdf1 {[%emt 0:02:23]} Nxd3+ {[%emt 0:03:37]} 25. cxd3 {[%emt 0:00:09]} Qd4 {[%emt 0:02:36]} 26. hxg6 {[%emt 0:02:45]} Qc5+ {[%emt 0:00:22]} 27. Kb1 {[%emt 0:00:24]} fxg6 {[%emt 0:00:15]} 28. Rxf8+ {[%emt 0:03:18]} Qxf8 {[%emt 0:00:02]} 29. Qe3 {[%emt 0:01:34]} Re7 {[%emt 0:01:28]} 30. Rh3 {[%emt 0:06:50]} Bb7 $19 {[%emt 0:03:15]} 31. Nf3 {[%emt 0:08:01]} Qf5 {[%emt 0:02:02]} 32. Rh4 {[%emt 0:02:32]} Bxf3 {[%emt 0:03:13]} 33. Rf4 {[%emt 0:03:11]} Qd5 {[%emt 0:02:59]} 34. Rd4 {[%emt 0:01:23]} Qc6 {[%emt 0:03:34]} 35. gxf3 {[%emt 0:00:25]} Rd7 {[%emt 0:00:59]} 36. Re4 {[%emt 0:00:30]} Rd6 {[%emt 0:00:29]} 37. Re5 {[%emt 0:00:53]} Qd7 {[%emt 0:00:16]} 38. d4 {[%emt 0:00:55]} Qf7 {[%emt 0:02:34]} 39. f4 {[%emt 0:00:52]} Qd7 {[%emt 0:00:03]} 40. Re4 {[%emt 0:01:16]} Kf7 {[%emt 0:00:45]} 41. Qh3 {[%emt 0:00:55]} h5 {[%emt 0:00:57]} 42. Qe3 {[%emt 0:00:36]} Qc6 {[%emt 0:03:31]} 43. f5 {[%emt 0:04:49]} gxf5 {[%emt 0:04:55]} 44. Rh4 {[%emt 0:01:02]} Qg2 {[%emt 0:04:03]} 45. Qh6 {[%emt 0:03:50]} Rc6 {[%emt 0:12:47]} 46. Rxh5 {[%emt 0:07:33]} Ke7 {[%emt 0:01:11]} 47. Qh8 {[%emt 0:03:39]} Qf1+ {[%emt 0:02:12]} 48. Ka2 {[%emt 0:00:04]} Qc4+ {[%emt 0:00:04]} 49. Ka1 {[%emt 0:00:43]} Qc1+ {[%emt 0:00:33]} 50. Ka2 {[%emt 0:00:05]} Qc4+ {[%emt 0:01:18]} 51. Ka1 {[%emt 0:00:16]} 1/2-1/2